00884nam a2200205 i 450000100060000000300090000600500170001500700030003200800410003510000380007624501790011426000570029330000310035070000370038170000370041871000520045585200320050799900170053995201220055699807ES-MaACL20230906182546.0t|050919s1966 sp ||||1| spa d1 aMartínez García, Juan.97810510aTransplante de riñón b: Discurso de ingreso, constención del Sr. D. Ramón Sánchez Parra / cJuan Martínez García; palabras de clausura Román Alberca Lorente. aMurcia : bAcademia de Medicina y Cirugía, c1966. a86 p., 5 lám. ; c23 cm.1 aRamón Sánchez, Parra.9952241 aAlberca Lorente, Román.9192662 aAcademia de Medidina y Cirugía (Murcia)91189 aES-MaACLjC-29580 bR.60022 c99807d99807 00104070aATENEOMbATENEOMcDEPO2d2008-01-17eSCl0oC-29580p1104214r2023-02-23 00:00:00w2023-02-23yMONOGRAFIA